000 00742nam a2200229Ia 4500
005 20230522103521.0
008 210716s2008 xx 000 0 und d
020 _a9788181288271
040 _cAIMIT LIBRARY
041 _aeng
082 _a004.602
_21
_bGILW
100 _aGilmore, W Jason.
_9110001
245 _aBeginning PHP and oracle :
_bfrom novice to professional /
_cBy W Jason Gilmore and Bob Bryla.
250 _a1st ed.
260 _aNew Delhi :
_bSpringer ,
_c2008.
300 _axxxiv,761p. ;
_bPB
_c24 cm
650 _aPHP basics
_9110002
650 _aObject oriented PHP
_9110003
650 _aWorking with the file and operating system
_9110004
700 _aBryla, Bob.
_9110005
942 _2ddc
_cBK
_e1st
_k004.602 GILW
999 _c189255
_d189255